|
|
|
|
| LEADER |
00000nas a22000003u 4500 |
| 001 |
ssj0000615654 |
| 003 |
WaSeSS |
| 005 |
20200512172242.0 |
| 006 |
m d |
| 007 |
cr n |
| 008 |
200512uuuuuuuuu||||| |ss|||||| ||||||d |
| 022 |
|
|
|a 1990-0821
|
| 035 |
|
|
|a (WaSeSS)ssj0000615654
|
| 040 |
|
|
|a WaSeSS
|c WaSeSS
|d WaSeSS
|
| 245 |
0 |
0 |
|a Policy Issues in Insurance
|h [electronic resource].
|
| 260 |
|
|
|a [S.l.] :
|b OECD Publishing.
|
| 500 |
|
|
|a Title from content provider.
|
| 506 |
|
|
|a License restrictions may limit access.
|
| 655 |
|
0 |
|a Electronic journals.
|
| 856 |
4 |
0 |
|z Full text available from Research Library: 01/01/2011 to 01/31/2011
|u https://search.proquest.com/publication/2026455
|